[Event "DVM U10 2014"]
[Site "Magdeburg GER"]
[Date "2014.12.29"]
[Round "6"]
[White "Kessen, Fanny"]
[Black "Rajchel, Arian"]
[Result "0-1"]
[Termination "normal"]
[Board "5.3"]
[WhiteElo "942"]
[BlackElo "1149"]
[WhiteTeam "Schachunion Berlin 1"]
[BlackTeam "SV Empor Erfurt"]
[PlyCount "70"]
[WhiteFideId "16217357"]
[EventCountry "GER"]
[EventRounds "7"]
[EventType "team-swiss"]
[EventDate "2014.12.27"]

1. e4 e5 2. Nf3 Nc6 3. Bc4 Nf6 4. Nc3 Bc5 5. O-O d6 6. d3 Bg4 7. Bg5 h6 8. Bd2
Nd4 9. Qc1 Nxf3+ 10. Kh1 Nxd2 11. Qxd2 Be6 12. Bb5+ c6 13. Bc4 d5 14. exd5 cxd5
15. Bb5+ Bd7 16. Bxd7+ Qxd7 17. Rae1 Qe6 18. Nb5 O-O-O 19. b4 Bb6 20. Qc3+ Qc6
21. Qxc6+ bxc6 22. Nc3 Rhe8 23. Na4 e4 24. dxe4 dxe4 25. c4 Rd2 26. c5 Bc7 27.
Nc3 Rc2 28. Ne2 Rxa2 29. Nc3 Rc2 30. Nd1 Nd5 31. f3 e3 32. g3 e2 33. Rg1 exd1=Q
34. Rxd1 Ree2 35. f4 Rxh2# 0-1

[Event "DVM U10 2014"]
[Site "Magdeburg GER"]
[Date "2014.12.29"]
[Round "6"]
[White "Reuter, Elisa"]
[Black "Müller, Bennet"]
[Result "1-0"]
[Termination "normal"]
[Board "5.4"]
[WhiteElo "1085"]
[BlackElo "600"]
[WhiteTeam "SV Empor Erfurt"]
[BlackTeam "Schachunion Berlin 1"]
[PlyCount "131"]
[WhiteFideId "12995444"]
[EventCountry "GER"]
[EventRounds "7"]
[EventType "team-swiss"]
[EventDate "2014.12.27"]

1. e4 e5 2. Nf3 Nc6 3. d4 exd4 4. Nxd4 Bc5 5. Be3 Qf6 6. c3 d6 7. Bc4 Ne5 8.
Bb3 Qh4 9. Nd2 Nd3+ 10. Ke2 Bg4+ 11. f3 Nf6 12. Kxd3 Be6 13. Qe1 Qh5 14. Kc2
O-O 15. Nxe6 fxe6 16. Bxe6+ Kh8 17. Bxc5 Qxc5 18. Nb3 Qe5 19. Bd5 Rfe8 20. Qd2
c6 21. Bc4 Rad8 22. Rae1 d5 23. exd5 Qf5+ 24. Qd3 Qf4 25. Rxe8+ Nxe8 26. Qe4
Qg5 27. dxc6 bxc6 28. Qe2 a5 29. Nd4 Qh6 30. Qe6 Nf6 31. Qe2 c5 32. Nb3 a4 33.
Nxc5 Rd2+ 34. Qxd2 Qxd2+ 35. Kxd2 Ne8 36. Re1 Nf6 37. Re7 h6 38. Ne4 Nh5 39. g4
Nf4 40. Rf7 Ng6 41. Ra7 Ne5 42. Rxa4 Nxf3+ 43. Ke3 Ne5 44. Kd4 Nc6+ 45. Kd5
Ne7+ 46. Ke6 Ng6 47. Ra8+ Kh7 48. Kd5 Nf4+ 49. Kc6 Ng6 50. Nf6+ gxf6 51. Bd3
Kg7 52. Bxg6 Kxg6 53. h4 f5 54. gxf5+ Kxf5 55. Rh8 Kg6 56. a4 Kh5 57. a5 Kg6
58. a6 Kh5 59. a7 Kg6 60. a8=Q Kf5 61. Rxh6 Ke5 62. Qa5+ Ke4 63. Rf6 Ke3 64. h5
Kd2 65. c4+ Kc2 66. c5 1-0

[Event "DVM U10 2014"]
[Site "Magdeburg GER"]
[Date "2014.12.29"]
[Round "6"]
[White "Hiller, Klemens"]
[Black "Prieb, Robert"]
[Result "0-1"]
[Termination "normal"]
[Board "6.1"]
[WhiteElo "1165"]
[BlackElo "1396"]
[WhiteTeam "SV Dresden-Leuben"]
[BlackTeam "SK Blauer Springer Paderborn 1"]
[PlyCount "80"]
[WhiteFideId "16255739"]
[BlackFideId "16212002"]
[EventCountry "GER"]
[EventRounds "7"]
[EventType "team-swiss"]
[EventDate "2014.12.27"]

1. d4 Nf6 2. Nf3 g6 3. e3 Bg7 4. Bd3 O-O 5. O-O d5 6. Nc3 c5 7. dxc5 Qa5 8. Nd4
Qxc5 9. Nb3 Qc7 10. Be2 Rd8 11. Nb5 Qb6 12. Nc3 Nc6 13. Bf3 d4 14. Na4 Qb4 15.
Bxc6 bxc6 16. Nac5 e5 17. c3 Qc4 18. cxd4 exd4 19. exd4 Ng4 20. h3 Nf6 21. Be3
Nd5 22. Nd2 Qb5 23. Ncb3 a5 24. Rb1 a4 25. Na1 Nb4 26. Nf3 Nxa2 27. b4 Nc3 28.
Qc2 Nxb1 29. Rxb1 Bf5 30. Qb2 Bxb1 31. Qxb1 a3 32. Qa2 Qxb4 33. Bd2 Qb2 34. Qc4
Qxa1+ 35. Kh2 Qb2 36. Ng5 Qb7 37. Bc3 h6 38. Nf3 a2 39. Ne5 Bxe5+ 40. dxe5 a1=Q
0-1

[Event "DVM U10 2014"]
[Site "Magdeburg GER"]
[Date "2014.12.29"]
[Round "6"]
[White "Wiedersich, Hendryk"]
[Black "Bornemann, Malte"]
[Result "1-0"]
[Termination "normal"]
[Board "6.3"]
[WhiteElo "1004"]
[BlackElo "966"]
[WhiteTeam "SV Dresden-Leuben"]
[BlackTeam "SK Blauer Springer Paderborn 1"]
[PlyCount "29"]
[WhiteFideId "16255399"]
[BlackFideId "16284470"]
[EventCountry "GER"]
[EventRounds "7"]
[EventType "team-swiss"]
[EventDate "2014.12.27"]

1. d4 d5 2. Bf4 Bf5 3. Nc3 Nc6 4. e3 Nf6 5. Nf3 e6 6. Bd3 Bg6 7. O-O Bd6 8.
Bxg6 hxg6 9. Re1 Bxf4 10. exf4 Qd6 11. Qd2 Qb4 12. Rab1 Nd7 13. a3 Qd6 14. Ne5
Qe7 15. Nf3 {Partieformulare nicht weiter lesbar} 1-0

[Event "DVM U10 2014"]
[Site "Magdeburg GER"]
[Date "2014.12.29"]
[Round "6"]
[White "Diderle, Konstantin"]
[Black "Hoffmann, Simon"]
[Result "1-0"]
[Termination "normal"]
[Board "7.1"]
[WhiteElo "1486"]
[BlackElo "1344"]
[WhiteTeam "Peiner SV"]
[BlackTeam "USC Magdeburg"]
[PlyCount "143"]
[WhiteFideId "12965197"]
[BlackFideId "12979686"]
[EventCountry "GER"]
[EventRounds "7"]
[EventType "team-swiss"]
[EventDate "2014.12.27"]

1. e4 e5 2. Nf3 Nc6 3. d4 exd4 4. Bc4 Nf6 5. e5 Ng4 6. Bf4 d5 7. Bb5 g6 8. Nxd4
Bd7 9. Bxc6 bxc6 10. Nxc6 Bxc6 11. Qxg4 Bg7 12. O-O O-O 13. Nd2 Rb8 14. b3 Bd7
15. Qg3 Bf5 16. c3 c5 17. Rfe1 Rc8 18. Rad1 d4 19. Nc4 d3 20. Nd6 Rc6 21. Nxf5
gxf5 22. Rxd3 Qc8 23. Red1 Rg6 24. Qf3 Qa6 25. a4 Qb6 26. c4 Re8 27. Rd5 Qc6
28. R1d3 f6 29. Rd8 Qxf3 30. Rxe8+ Kf7 31. Rxf3 Kxe8 32. Re3 Kd7 33. Rd3+ Kc8
34. Rd5 Bf8 35. e6 Rg7 36. Rxf5 Rb7 37. Be3 Rxb3 38. g3 Rb6 39. Bxc5 Bxc5 40.
Rxc5+ Kd8 41. e7+ Kxe7 42. Rc7+ Ke6 43. Rxa7 h5 44. Rh7 Rb4 45. c5 Rxa4 46.
Rxh5 Rc4 47. h4 f5 48. Rh6+ Kd5 49. Rf6 Kxc5 50. Rxf5+ Kd6 51. Rf4 Rc1+ 52. Kg2
Ke6 53. h5 Rc5 54. Rh4 Kf6 55. h6 Kg6 56. h7 Rc8 57. h8=Q Rxh8 58. Rxh8 Kg7 59.
Rh4 Kg6 60. f4 Kf6 61. Rh5 Kg6 62. g4 Kf6 63. Kf3 Kg6 64. Ke4 Kf6 65. g5+ Kg6
66. Rh6+ Kg7 67. f5 Kf7 68. Rh7+ Kg8 69. g6 Kf8 70. f6 Kg8 71. Rd7 Kf8 72. Rd8#
1-0

[Event "DVM U10 2014"]
[Site "Magdeburg GER"]
[Date "2014.12.29"]
[Round "6"]
[White "Khanbekyan, Areg"]
[Black "Miszori, Yannick"]
[Result "0-1"]
[Termination "normal"]
[Board "7.2"]
[WhiteElo "1095"]
[BlackElo "1219"]
[WhiteTeam "USC Magdeburg"]
[BlackTeam "Peiner SV"]
[PlyCount "62"]
[WhiteFideId "12993727"]
[BlackFideId "16214560"]
[EventCountry "GER"]
[EventRounds "7"]
[EventType "team-swiss"]
[EventDate "2014.12.27"]

1. e4 d6 2. d4 Nd7 3. Nf3 Ngf6 4. Nc3 c5 5. Bc4 a6 6. O-O b5 7. Bd5 Nxd5 8.
Nxd5 Bb7 9. Re1 g6 10. Bg5 h6 11. Be3 e6 12. Nc3 b4 13. Nb1 Bxe4 14. Nbd2 Bb7
15. dxc5 dxc5 16. Nc4 Qc7 17. Bd2 Bg7 18. c3 Bd5 19. Ne3 Bc6 20. cxb4 Bxb2 21.
Rb1 Bg7 22. bxc5 Nxc5 23. Bb4 Rd8 24. Qc2 Nd3 25. Red1 Nxb4 26. Rxd8+ Kxd8 27.
Rxb4 Bxf3 28. Qxc7+ Kxc7 29. gxf3 Rd8 30. Rc4+ Kd6 31. Rd4+ Bxd4 0-1

[Event "DVM U10 2014"]
[Site "Magdeburg GER"]
[Date "2014.12.29"]
[Round "6"]
[White "Heuer, Adrian"]
[Black "Hoffmann, Siegfried"]
[Result "0-1"]
[Termination "normal"]
[Board "7.3"]
[WhiteElo "1024"]
[BlackElo "1231"]
[WhiteTeam "Peiner SV"]
[BlackTeam "USC Magdeburg"]
[PlyCount "120"]
[BlackFideId "16252268"]
[EventCountry "GER"]
[EventRounds "7"]
[EventType "team-swiss"]
[EventDate "2014.12.27"]

1. d4 d5 2. Bf4 Bf5 3. Nf3 Nf6 4. e3 e6 5. Ne5 Nc6 6. g4 Be4 7. f3 Bg6 8. h4 h6
9. Nxg6 fxg6 10. Qd3 Kf7 11. c3 Bd6 12. Bxd6 Qxd6 13. Rh3 a6 14. h5 Ne7 15. Nd2
Qb6 16. b4 a5 17. Qb5 Qxb5 18. Bxb5 c6 19. Bd3 axb4 20. cxb4 b6 21. Rc1 Rhc8
22. Rc2 Nd7 23. Ke2 Ra4 24. b5 cxb5 25. Rxc8 Nxc8 26. Bxb5 Ra7 27. e4 Nf6 28.
a4 dxe4 29. Nxe4 Nxe4 30. fxe4 g5 31. Rf3+ Ke7 32. Kd3 Nd6 33. Rf1 Ra5 34. Rb1
Nf7 35. d5 exd5 36. exd5 Ne5+ 37. Ke4 Nxg4 38. Bc6 Nf6+ 39. Kf5 Nxd5 40. Bxd5
Rxd5+ 41. Ke4 Rd6 42. Re1 Re6+ 43. Kf3 Rxe1 44. Kg4 Rf1 45. Kg3 Ke6 46. Kg2 Rf4
47. Kg3 Rxa4 48. Kf2 Ra3 49. Ke2 Kd5 50. Kd2 Kc4 51. Ke2 Kd4 52. Kf2 Ke4 53.
Ke2 Ra2+ 54. Kd1 Kd3 55. Ke1 Ke3 56. Kd1 b5 57. Kc1 Rh2 58. Kb1 Kd3 59. Kc1 b4
60. Kb1 Kc3 0-1

[Event "DVM U10 2014"]
[Site "Magdeburg GER"]
[Date "2014.12.29"]
[Round "6"]
[White "Pikalow, Michael"]
[Black "Post, Patrick"]
[Result "1-0"]
[Termination "normal"]
[Board "7.4"]
[WhiteElo "970"]
[BlackElo "835"]
[WhiteTeam "USC Magdeburg"]
[BlackTeam "Peiner SV"]
[PlyCount "87"]
[WhiteFideId "16227638"]
[EventCountry "GER"]
[EventRounds "7"]
[EventType "team-swiss"]
[EventDate "2014.12.27"]

1. e4 e5 2. Nf3 Nc6 3. Nc3 Nf6 4. d3 Bc5 5. Bg5 O-O 6. Nd5 Be7 7. Nxe7+ Qxe7 8.
Be2 h6 9. Bh4 d6 10. O-O Be6 11. d4 Nxe4 12. Bxe7 Rfe8 13. Bxd6 cxd6 14. d5 Bd7
15. dxc6 bxc6 16. Bd3 Nc5 17. Bc4 d5 18. Bb3 e4 19. Nd4 Re5 20. f4 Re7 21. c4
dxc4 22. Bxc4 Rb8 23. Rb1 e3 24. Nxc6 Bxc6 25. Qd6 Rbb7 26. Qxc6 Ne4 27. Qc8+
Kh7 28. Bd3 e2 29. Bxe4+ g6 30. Rfe1 Rbc7 31. Qh3 Rxe4 32. Qd3 Rxf4 33. Rxe2
Ra4 34. Qd6 Rb7 35. Qc6 Rab4 36. Qf3 Kg7 37. Qh3 g5 38. Qc3+ Kg6 39. Rd1 R7b6
40. Red2 Rf4 41. Rd6+ Rxd6 42. Rxd6+ Kh5 43. Qh3+ Rh4 44. g4# 1-0

[Event "DVM U10 2014"]
[Site "Magdeburg GER"]
[Date "2014.12.29"]
[Round "6"]
[White "Krause, Marc"]
[Black "Kittelmann, Anton"]
[Result "1-0"]
[Termination "normal"]
[Board "8.1"]
[WhiteElo "1313"]
[BlackElo "1017"]
[WhiteTeam "SC Empor Potsdam 1952"]
[BlackTeam "SG Blau-Weiß Stadtilm 1"]
[PlyCount "61"]
[WhiteFideId "12985724"]
[EventCountry "GER"]
[EventRounds "7"]
[EventType "team-swiss"]
[EventDate "2014.12.27"]

1. d4 d5 2. c4 dxc4 3. e4 Nf6 4. Nc3 e6 5. Bxc4 Bb4 6. Nge2 Bxc3+ 7. Nxc3 Nc6
8. Be3 b6 9. Qa4 Qd7 10. Bb5 Bb7 11. Rd1 a6 12. Be2 O-O-O 13. Bxa6 Na5 14.
Bxb7+ Kxb7 15. Qxd7 Rxd7 16. b3 Nc6 17. f3 Ra8 18. a4 Nb4 19. Rd2 c5 20. dxc5
Rxd2 21. Kxd2 Rd8+ 22. Ke2 bxc5 23. Bxc5 Nc6 24. Rd1 Rc8 25. Nb5 Ka6 26. b4 Ne8
27. Nd6 Nxd6 28. Rxd6 Rc7 29. b5+ Ka5 30. Rxc6 Rb7 31. Ra6# 1-0

[Event "DVM U10 2014"]
[Site "Magdeburg GER"]
[Date "2014.12.29"]
[Round "6"]
[White "Knape, Albert"]
[Black "Werner, Linus"]
[Result "1-0"]
[Termination "normal"]
[Board "8.3"]
[WhiteElo "1072"]
[BlackElo "1104"]
[WhiteTeam "SC Empor Potsdam 1952"]
[BlackTeam "SG Blau-Weiß Stadtilm 1"]
[PlyCount "165"]
[WhiteFideId "16208919"]
[EventCountry "GER"]
[EventRounds "7"]
[EventType "team-swiss"]
[EventDate "2014.12.27"]

1. e4 e5 2. Nf3 Nc6 3. Bc4 Bc5 4. Nc3 Nf6 5. d3 d6 6. Bg5 Be6 7. Nd5 h6 8. Bxf6
gxf6 9. Bb3 Bxd5 10. Bxd5 Qd7 11. Nh4 O-O-O 12. Bxc6 Qxc6 13. Nf5 Rde8 14. Qd2
h5 15. O-O-O Rhg8 16. g3 Qa4 17. a3 Bd4 18. c3 Bb6 19. f3 Qb3 20. Qc2 Qxc2+ 21.
Kxc2 Kd7 22. Rd2 Kc6 23. a4 a5 24. d4 Rg6 25. b3 Ba7 26. Rd3 b5 27. axb5+ Kxb5
28. Ra1 Bb6 29. Ra4 Rg5 30. d5 Reg8 31. h4 Rxg3 32. Nxg3 Rxg3 33. c4+ Ka6 34.
Ra1 Rh3 35. b4 Rh2+ 36. Kb3 Rxh4 37. bxa5 Bxa5 38. Kb2 Rh2+ 39. Kc1 Rh1+ 40.
Rd1 Rh3 41. Rf1 Rg3 42. Ra3 Rg2 43. Rh1 Rg5 44. Rh4 Kb6 45. Rb3+ Ka6 46. Kb2 f5
47. Rb8 Bb6 48. Rf8 Bd4+ 49. Kc2 Ka5 50. Rxf7 fxe4 51. fxe4 Kb4 52. Rf5 Rg2+
53. Kd3 Rg3+ 54. Ke2 Rg2+ 55. Ke1 Kc3 56. Rf3+ Kxc4 57. Rxh5 Rg1+ 58. Rf1 Rxf1+
59. Kxf1 Bb6 60. Rh4 Kd4 61. Ke2 Kc4 62. Kd2 Kd4 63. Ke2 Kc4 64. Kf3 Kd4 65.
Rh1 Kc4 66. Rc1+ Kd4 67. Ra1 Kd3 68. Ra3+ Kd4 69. Ra4+ Kc3 70. Kg4 Kd2 71. Kf5
Ke3 72. Ke6 Kf4 73. Kd7 Kg5 74. Rc4 Kf4 75. Kc8 Kg5 76. Kd8 Kf6 77. Kd7 Kf7 78.
Rxc7 Bxc7 79. Kxc7 Ke7 80. Kc8 Ke8 81. Kc7 Ke7 82. Kc6 Ke8 83. Kxd6 1-0

[Event "DVM U10 2014"]
[Site "Magdeburg GER"]
[Date "2014.12.29"]
[Round "6"]
[White "Hundrieser, Malte"]
[Black "Grund, Sebastian"]
[Result "0-1"]
[Termination "normal"]
[Board "9.1"]
[WhiteElo "1630"]
[BlackElo "1810"]
[WhiteTeam "SV Roter Turm Halle 1"]
[BlackTeam "MTV 1876 Saalfeld"]
[PlyCount "83"]
[WhiteFideId "12997153"]
[BlackFideId "12988626"]
[EventCountry "GER"]
[EventRounds "7"]
[EventType "team-swiss"]
[EventDate "2014.12.27"]

1. e4 c5 2. Nf3 a6 3. d4 cxd4 4. Nxd4 Nf6 5. Nc3 Qc7 6. Bg5 Nc6 7. Bxf6 exf6 8.
Nxc6 dxc6 9. Bd3 b5 10. O-O Bd6 11. h3 Bc5 12. Ne2 Be6 13. Qd2 Rd8 14. Qf4 Bd6
15. Qf3 c5 16. Nc3 Be5 17. Nd1 c4 18. Be2 O-O 19. c3 Rd7 20. Ne3 Rfd8 21. Rfd1
Rxd1+ 22. Rxd1 Rxd1+ 23. Bxd1 Qd6 24. Nd5 f5 25. Ne3 fxe4 26. Qxe4 g6 27. Qc2
Bf4 28. Nf1 Bf5 29. Qe2 Bd3 30. Qe1 Kg7 31. Be2 Qe6 32. Ne3 Bxe3 33. fxe3 Qxe3+
34. Kf1 Bxe2+ 35. Qxe2 Qxe2+ 36. Kxe2 Kf6 37. Ke3 Ke5 38. Kf3 f5 39. g4 a5 40.
a3 a4 41. h4 fxg4+ 42. Kxg4 0-1

[Event "DVM U10 2014"]
[Site "Magdeburg GER"]
[Date "2014.12.29"]
[Round "6"]
[White "Gräf, Patrick"]
[Black "Wittig, Marten"]
[Result "0-1"]
[Termination "normal"]
[Board "9.2"]
[WhiteElo "930"]
[BlackElo "965"]
[WhiteTeam "MTV 1876 Saalfeld"]
[BlackTeam "SV Roter Turm Halle 1"]
[PlyCount "68"]
[EventCountry "GER"]
[EventRounds "7"]
[EventType "team-swiss"]
[EventDate "2014.12.27"]

1. e4 e5 2. Nf3 Nc6 3. Nc3 Nf6 4. Bb5 Bb4 5. d3 Bxc3+ 6. bxc3 O-O 7. Ba3 d6 8.
d4 exd4 9. cxd4 Nxe4 10. O-O Bd7 11. Bd3 Nf6 12. Re1 Re8 13. Ng5 Rxe1+ 14. Qxe1
Nxd4 15. Qb1 b6 16. c3 g6 17. cxd4 Bc6 18. Bc4 Nd5 19. Bb3 Qxg5 20. Qc2 Nf4 21.
g3 Nh3+ 22. Kf1 Bb5+ 23. Ke1 Re8+ 24. Kd1 Be2+ 25. Ke1 Bd3+ 26. Kd1 Bxc2+ 27.
Kxc2 Qf5+ 28. Kb2 Re2+ 29. Kc3 Qf3+ 30. Kb4 a5+ 31. Kb5 Qe4 32. Rd1 Qb7 33. Bc4
c6+ 34. Ka4 b5+ 0-1

[Event "DVM U10 2014"]
[Site "Magdeburg GER"]
[Date "2014.12.29"]
[Round "6"]
[White "Pietsch, Julius"]
[Black "Lorenz, Keana"]
[Result "1-0"]
[Termination "normal"]
[Board "9.3"]
[WhiteElo "1009"]
[BlackElo "1089"]
[WhiteTeam "SV Roter Turm Halle 1"]
[BlackTeam "MTV 1876 Saalfeld"]
[PlyCount "82"]
[WhiteFideId "12985660"]
[BlackFideId "12990248"]
[EventCountry "GER"]
[EventRounds "7"]
[EventType "team-swiss"]
[EventDate "2014.12.27"]

1. e4 c5 2. Nf3 d6 3. Bc4 Nf6 4. Nc3 g6 5. d3 Bg7 6. Bf4 O-O 7. Qd2 Nc6 8. Bh6
Nb4 9. Bxg7 Kxg7 10. a3 Nc6 11. O-O Bg4 12. Qe3 Bxf3 13. Qxf3 Nd4 14. Qd1 Rb8
15. Qd2 a6 16. b4 cxb4 17. axb4 b5 18. Bd5 Nxd5 19. Nxd5 Rc8 20. Nc3 Rc7 21.
Rxa6 Rc8 22. Ra3 Ra8 23. Rxa8 Qxa8 24. Nd5 e6 25. Ne3 Rb8 26. c3 Nb3 27. Qb2
Qa4 28. Rb1 Ra8 29. c4+ Kg8 30. Qxb3 Qxb3 31. Rxb3 bxc4 32. dxc4 Ra1+ 33. Nf1
f5 34. f3 fxe4 35. fxe4 Re1 36. b5 Rxe4 37. b6 Rf4 38. b7 Rf8 39. b8=Q Rxb8 40.
Rxb8+ Kf7 41. Ne3 Ke7 1-0

[Event "DVM U10 2014"]
[Site "Magdeburg GER"]
[Date "2014.12.29"]
[Round "6"]
[White "Lorenz, Anouk"]
[Black "Pietsch, Johann"]
[Result "1-0"]
[Termination "normal"]
[Board "9.4"]
[WhiteElo "865"]
[BlackElo "971"]
[WhiteTeam "MTV 1876 Saalfeld"]
[BlackTeam "SV Roter Turm Halle 1"]
[PlyCount "69"]
[WhiteFideId "12990256"]
[BlackFideId "12987000"]
[EventCountry "GER"]
[EventRounds "7"]
[EventType "team-swiss"]
[EventDate "2014.12.27"]

1. e4 e5 2. Nf3 Nc6 3. Bc4 Bc5 4. Nc3 Nf6 5. d3 d6 6. Be3 Bd4 7. Qd2 Bd7 8.
O-O-O Qe7 9. Nb5 Be6 10. Bxe6 fxe6 11. Bxd4 exd4 12. Nfxd4 O-O 13. Nf3 e5 14.
Nh4 Rac8 15. Nf5 Qe6 16. Qg5 Rf7 17. Nc3 h6 18. Qg6 Kh8 19. Rdg1 Rg8 20. g4 Ne7
21. Nxe7 Qxe7 22. g5 hxg5 23. Rxg5 Nh7 24. Rh5 Qg5+ 25. Rxg5 Rf6 26. Qh5 g6 27.
Qh6 Re6 28. Rhg1 Rg7 29. R1g4 Kg8 30. Rxg6 Rexg6 31. Rxg6 Rxg6 32. Qxg6+ Kh8
33. Ne2 c5 34. Ng3 d5 35. Nf5 1-0

[Event "DVM U10 2014"]
[Site "Magdeburg GER"]
[Date "2014.12.29"]
[Round "6"]
[White "Winkelmann, Maurits"]
[Black "Colbow, Collin"]
[Result "0-1"]
[Termination "normal"]
[Board "10.1"]
[WhiteElo "1129"]
[BlackElo "1305"]
[WhiteTeam "SC 1997 Lambsheim"]
[BlackTeam "SK Bremen-Nord"]
[PlyCount "46"]
[BlackFideId "16201132"]
[EventCountry "GER"]
[EventRounds "7"]
[EventType "team-swiss"]
[EventDate "2014.12.27"]

1. e4 e5 2. Nf3 Nc6 3. Bc4 Bc5 4. c3 Nf6 5. d4 exd4 6. cxd4 Bb4+ 7. Nc3 Nxe4 8.
Qe2 d5 9. Bb3 O-O 10. O-O Nxc3 11. bxc3 Bxc3 12. Bb2 Bxb2 13. Qxb2 Re8 14. Bc2
Bg4 15. Qc3 Qf6 16. Ba4 Re6 17. Bxc6 Rxc6 18. Qb3 Rb6 19. Qxd5 Rd8 20. Qa5 Bxf3
21. gxf3 Qxf3 22. Rfe1 Rg6+ 23. Qg5 Rxg5+ 0-1

[Event "DVM U10 2014"]
[Site "Magdeburg GER"]
[Date "2014.12.29"]
[Round "6"]
[White "Rockmann, Enno"]
[Black "Dalchow, Mario"]
[Result "0-1"]
[Termination "normal"]
[Board "10.2"]
[WhiteElo "1031"]
[BlackElo "1193"]
[WhiteTeam "SK Bremen-Nord"]
[BlackTeam "SC 1997 Lambsheim"]
[PlyCount "134"]
[WhiteFideId "12982920"]
[BlackFideId "12971421"]
[EventCountry "GER"]
[EventRounds "7"]
[EventType "team-swiss"]
[EventDate "2014.12.27"]

1. e4 c6 2. d4 d5 3. e5 Bf5 4. Bd3 Bxd3 5. Qxd3 e6 6. f4 Nd7 7. Nf3 c5 8. c3 c4
9. Qc2 g6 10. O-O Bg7 11. b3 b5 12. Bb2 Ne7 13. Nbd2 O-O 14. Rf2 Qc7 15. Re1 a6
16. Nf1 Nf5 17. g4 Ne7 18. Ng3 Nc6 19. Kh1 Rfe8 20. Rg1 Rab8 21. f5 Rf8 22.
Rfg2 Nb6 23. Nh4 b4 24. fxg6 hxg6 25. Nxg6 fxg6 26. Qxg6 Qf7 27. Qg5 Qf4 28.
Qh4 Qh6 29. Qxh6 Bxh6 30. Nh5 cxb3 31. axb3 bxc3 32. Bxc3 Be3 33. Rd1 Rb7 34.
Rd3 Bg5 35. Bd2 Bxd2 36. Rdxd2 Ne7 37. g5 Rf1+ 38. Rg1 Rxg1+ 39. Kxg1 Nd7 40.
Nf6+ Kg7 41. Rd3 Ng8 42. h4 Ndxf6 43. exf6+ Nxf6 44. gxf6+ Kxf6 45. Rf3+ Kg6
46. Kg2 Rb4 47. Rd3 a5 48. Kg3 a4 49. bxa4 Rxa4 50. Kf4 Ra1 51. Re3 Kf6 52. h5
Rh1 53. Re5 Rf1+ 54. Kg3 Rg1+ 55. Kh4 Rd1 56. Rxe6+ Kxe6 57. Kg5 Rxd4 58. Kg6
Rh4 59. Kg5 Rxh5+ 60. Kxh5 Kf5 61. Kh4 Kf4 62. Kh3 Kf3 63. Kh2 d4 64. Kg1 d3
65. Kf1 d2 66. Kg1 d1=Q+ 67. Kh2 Qe2+ 0-1

[Event "DVM U10 2014"]
[Site "Magdeburg GER"]
[Date "2014.12.29"]
[Round "6"]
[White "Reichardt, Henrik"]
[Black "Bassow, Konstantin"]
[Result "0-1"]
[Termination "normal"]
[Board "10.3"]
[WhiteElo "1065"]
[BlackElo "1001"]
[WhiteTeam "SC 1997 Lambsheim"]
[BlackTeam "SK Bremen-Nord"]
[PlyCount "76"]
[BlackFideId "12982415"]
[EventCountry "GER"]
[EventRounds "7"]
[EventType "team-swiss"]
[EventDate "2014.12.27"]

1. e4 e5 2. Nf3 Nc6 3. Bc4 Bc5 4. Nc3 Nf6 5. d3 h6 6. O-O d6 7. h3 O-O 8. Be3
Bb6 9. Qd2 Be6 10. Bb3 Qe7 11. Nd5 Qd8 12. Nxf6+ Qxf6 13. c3 Qg6 14. Kh2 Kh8
15. Rad1 f5 16. Nh4 Qf6 17. Nf3 Ba5 18. Bxe6 Qxe6 19. b4 Bb6 20. a4 a6 21. a5
Ba7 22. Bxa7 Nxa7 23. Rfe1 Nc6 24. d4 Rad8 25. d5 Qg6 26. dxc6 fxe4 27. Nh4 Qf6
28. Rxe4 d5 29. Rxe5 Qxe5+ 30. g3 Qf6 31. Kg2 g5 32. Ng6+ Qxg6 33. cxb7 d4 34.
c4 Qe4+ 35. Kf1 Qh1+ 36. Ke2 Qf3+ 37. Ke1 Rde8+ 38. Kf1 Qh1# 0-1

[Event "DVM U10 2014"]
[Site "Magdeburg GER"]
[Date "2014.12.29"]
[Round "6"]
[White "Glinzner, Alva"]
[Black "Böttner, Oliver"]
[Result "0-1"]
[Termination "normal"]
[Board "11.1"]
[WhiteElo "1060"]
[BlackElo "1110"]
[WhiteTeam "Lübecker SV von 1873 1"]
[BlackTeam "FHSG Stralsund"]
[PlyCount "62"]
[WhiteFideId "16206169"]
[BlackFideId "16208870"]
[EventCountry "GER"]
[EventRounds "7"]
[EventType "team-swiss"]
[EventDate "2014.12.27"]

1. e4 e5 2. Nf3 Nc6 3. d4 exd4 4. Nxd4 Nf6 5. Nc3 Bc5 6. Be3 Nxd4 7. Bxd4 Bxd4
8. Qxd4 O-O 9. Bd3 d6 10. O-O b6 11. Rfe1 Bb7 12. Re3 c5 13. Qc4 d5 14. exd5
Nxd5 15. Rg3 Re8 16. Nxd5 Qxd5 17. Qg4 Qe5 18. Qh4 g6 19. Rh3 h5 20. Rg3 Rad8
21. h3 Qxb2 22. Rd1 Qe5 23. Qa4 a6 24. Qb3 Rd6 25. Rxg6+ Rxg6 26. Bxg6 Qg7 27.
Rd6 Re1+ 28. Kh2 Qe5+ 29. Qg3 Qxg3+ 30. Kxg3 fxg6 31. Rxg6+ Kf7 {nicht mehr
nachvollziehbar} 0-1

[Event "DVM U10 2014"]
[Site "Magdeburg GER"]
[Date "2014.12.29"]
[Round "6"]
[White "Jenschke, Tim"]
[Black "Paulsen, Niels-Martin"]
[Result "1-0"]
[Termination "normal"]
[Board "11.2"]
[WhiteElo "1090"]
[BlackElo "1090"]
[WhiteTeam "FHSG Stralsund"]
[BlackTeam "Lübecker SV von 1873 1"]
[PlyCount "65"]
[BlackFideId "16214994"]
[EventCountry "GER"]
[EventRounds "7"]
[EventType "team-swiss"]
[EventDate "2014.12.27"]

1. e4 c5 2. Nf3 Nc6 3. Bc4 Nf6 4. Nc3 g6 5. O-O Bg7 6. d3 d6 7. Bg5 Bg4 8. h3
Bd7 9. Qd2 Qc7 10. Bh6 O-O 11. Bf4 e5 12. Bg5 h6 13. Bxf6 Bxf6 14. Qxh6 Bg7 15.
Qh4 Rfe8 16. Ng5 Bc8 17. Bxf7+ Kf8 18. Bxe8 Kxe8 19. Nd5 Qd8 20. Qh7 Kf8 21.
Qxg6 Kg8 22. Qf7+ Kh8 23. Qg6 Kg8 24. Nf7 Ne7 25. Qxg7+ Kxg7 26. Nxd8 Nxd5 27.
exd5 b6 28. Nc6 Bb7 29. f4 Re8 30. Rf2 exf4 31. Rxf4 Re2 32. Raf1 Re7 33. Nxe7
1-0

[Event "DVM U10 2014"]
[Site "Magdeburg GER"]
[Date "2014.12.29"]
[Round "6"]
[White "Silini, Jalel"]
[Black "Troyke, Jannis"]
[Result "1-0"]
[Termination "normal"]
[Board "11.3"]
[WhiteElo "876"]
[BlackElo "1089"]
[WhiteTeam "Lübecker SV von 1873 1"]
[BlackTeam "FHSG Stralsund"]
[PlyCount "87"]
[WhiteFideId "16215397"]
[BlackFideId "12993115"]
[EventCountry "GER"]
[EventRounds "7"]
[EventType "team-swiss"]
[EventDate "2014.12.27"]

1. e4 c5 2. Nc3 Nc6 3. Nf3 Nf6 4. Bc4 e6 5. O-O Be7 6. d3 O-O 7. Bf4 d5 8. exd5
exd5 9. Bb3 Re8 10. Re1 Be6 11. d4 Bg4 12. dxc5 Bxf3 13. Qxf3 d4 14. Ne2 Bxc5
15. Ng3 Bb4 16. c3 dxc3 17. bxc3 Ba5 18. Rad1 Rxe1+ 19. Rxe1 Bc7 20. Bc1 Qd7
21. Bb2 Be5 22. Ba4 Rb8 23. Ne4 b5 24. Bb3 Re8 25. Nxf6+ Bxf6 26. Rxe8+ Qxe8
27. g3 b4 28. Qd3 Qe1+ 29. Kg2 bxc3 30. Qc4 Qe8 31. Bxc3 Bxc3 32. Qxc3 Qa8 33.
Bd5 Qe8 34. Qxc6 Qxc6 35. Bxc6 g5 36. Kf3 Kg7 37. Kg4 h6 38. h4 gxh4 39. Kxh4
Kg6 40. Kg4 h5+ 41. Kf4 f5 42. Bb5 Kf6 43. Bd3 a5 44. a3 1-0

[Event "DVM U10 2014"]
[Site "Magdeburg GER"]
[Date "2014.12.29"]
[Round "6"]
[White "Lange, Anton"]
[Black "Senechal, Niklas Bennett"]
[Result "1-0"]
[Termination "normal"]
[Board "11.4"]
[WhiteElo "866"]
[BlackElo "757"]
[WhiteTeam "FHSG Stralsund"]
[BlackTeam "Lübecker SV von 1873 1"]
[PlyCount "53"]
[WhiteFideId "34603816"]
[BlackFideId "16231180"]
[EventCountry "GER"]
[EventRounds "7"]
[EventType "team-swiss"]
[EventDate "2014.12.27"]

1. e4 e5 2. Nf3 Nc6 3. Bc4 Nf6 4. Ng5 d5 5. exd5 Nxd5 6. d3 Be7 7. Nf3 Bg4 8.
Be3 Qd6 9. O-O O-O-O 10. Nbd2 Qg6 11. Re1 Bh3 12. g3 Nxe3 13. Rxe3 Qf6 14. c3
Bc5 15. Re1 Rhe8 16. a3 h5 17. b4 Bd6 18. Qb3 Rd7 19. a4 g5 20. d4 h4 21. a5 a6
22. b5 Kd8 23. bxc6 bxc6 24. Bxa6 Be6 25. c4 Ke7 26. Bb7 c5 27. Bc6 1-0